000 02026nam0a22003731 4500
001 rc\139148
005 20250620204009.0
010 _a5-87198-039-2
_910000
035 _a(NLR Aleph) 005411191
090 _a7375710
_c7375710
100 _a20030307d1993 |||y0rusy50 ca
101 0 _arus
102 _aRU
105 _aa |||||||||
200 1 _aО том, что в сердце
_eСтихи [и поэма]
_fВалерий Карпочев
_g[Худож. С. Семиков]
210 _aНижний Новгород
_cФлокс
_d1993
215 _a158, [1] с.
_cил.
_d16
327 1 _aСодерж.: Циклы: В России снова льют колокола; Я впитал в себя боль; Корни; Тебе; Посвящение; Я б, верно, не писал стихов...; Гимн природе; Теория относительности; Современная мозаика; Ранние сумерки: Поэма
464 0 _12001#$aВ России снова льют колокола
_tВ России снова льют колокола
464 0 _12001#$aЯ впитал в себя боль
_tЯ впитал в себя боль
464 0 _12001#$aКорни
_tКорни
464 0 _12001#$aТебе
_tТебе
464 0 _12001#$aПосвящение
_tПосвящение
464 0 _12001#$aЯ б, верно, не писал стихов...
_tЯ б, верно, не писал стихов...
464 0 _12001#$aГимн природе
_tГимн природе
464 0 _12001#$aТеория относительности
_tТеория относительности
464 0 _12001#$aСовременная мозаика
_tСовременная мозаика
464 0 _12001#$aРанние сумерки
_tРанние сумерки
700 1 _aКарпочев
_bВ.И.
_f1957-
_gВалерий Иванович
801 0 _aRU
_bNLR
_gpsbo
801 1 _aRU
_bELAR
_2rusmarc
852 _aNLR
_j94-2/232
942 _cBOOK
980 _aNB